00692nam a22001935i 450000100060000000300090000600500170001500700030003200800410003504000200007610000370009624500920013325000130022526000720023830000270031085200200033799900170035795201240037454128ES-MaACL20240518063026.0t|960715s1870 fr ||||1| fre d aCAM bspa cCAM0 aFéval, Paul,d1816-188795064610aMademoiselle Saphir b: (deuxième partie de l'Avaleur de sabres) /cpar Paul Féval. a2e éd. aParis : bE. Dentu, éditeur, c1870 (fTyp. Arrieu, Lejay et Cie) a[4], 358 p. ; c19 cm. aES-MaACLjD-860 c54128d54128 001040708LIBXIXaATENEOMbATENEOMcSVId2008-01-17eSCl0oD-860p901056885r2023-02-23 00:00:00w2023-02-23yMONANT